000 00619nam a2200193 4500
005 20250402160255.0
010 _aENG-144434
020 _a9789357315685
_c1999.00
035 _aEN-127966
037 _bDBAD
082 _aN
100 _aParthasarathy, Na
_980139
245 _aKurinji Malar/
_cNa. Parthasarathy [and] Translated By Malini Seshadri
260 _aGurugram
_bHachette Books Publishing
_c2024
270 _a4th and 5th Floor, Corporate Centre, Plot No.-94, Sector 44,
_bGurugram
_e122003
300 _a457p.
_c20cm(pb)
700 _aSeshadri, Malini
_eTranslator
_980140
942 _2ddc
_cEN
_hN
_mPAR
999 _c210681
_d210681